000 00851cam a2200265 a 4500
001 000011406
005 20200929162437.0
008 931118s1993 sp b s000 0 spa c
020 _a8478462287
040 _aDO-SdBNP
_bspa
_cDLC
_dBNPHU
082 _a610.9
_bP474h
100 1 _aPeset Reig, José Luis.
_927037
245 1 4 _aLas heridas de la ciencia /
_cJosé Luis Peset Reig.
260 _aSalamanca, (España) :
_bJunta de Castilla y León, Consejeria de Cultura y Turismo,
_c1993.
300 _a183 p. ;
_c22 cm.
490 1 _aEnsayo
490 1 _aLas ideas
500 _aIncluye referencias bibliográficas
650 4 _aFilosofía médica
_927038
650 4 _aFilosofía y ciencia
_927039
650 4 _aMedicina
_xFilosofía
_927040
830 0 _aEnsayo;
_pLas Ideas
_927041
910 _aCatalogación por copia / LC
049 _aBNGR
999 _c11112
_d11112